000 00727nam a2200265Ia 4500
001 Para_5362
003 CHAP
008 220125s1933 xx 000 0 und d
010 _a203878
040 _cCHAP
090 _aPA FOLLETO 2703
100 _aParker, J. R.
_985592
245 _aFight grasshoppers by plowing stubble /
_c by J. R. Parker
260 _aWashington :
_b Department of Agriculture
300 _a4 p.
440 _aEUA. Dept. of Agri. Circular; 302
_9169837
650 _aChapulines Labranza
_9169838
901 _aPA FOLLETO 2703
902 _aA
905 _a0000001933 WAS 0000000000 00
910 _a1933
942 _cPARA
942 _cPARA
_d1
999 _c203878
_d203878